Países que Comienzan por Letras Diferentes en Inglés - Estadísticas

Estadísticas generales
  • Esta prueba ha sido intentada 86 veces
    83 desde el último reinicio
  • La puntuación promedio es 12 de 26
Estadísticas de respuestas
Español País Inglés % Correcto
A Alemania G
85%
E España S
82%
E Estados Unidos U
79%
R Reino Unido U
62%
C Catar Q
58%
C Corea del Sur S
55%
Y Yibuti D
55%
F Filipinas P
53%
C Corea del Norte N
52%
E Eslovaquia S
52%
E Eslovenia S
52%
R República Democrática del Congo D
50%
R República Dominicana D
50%
P Países Bajos N
47%
R República Checa C
45%
A Arabia Saudita S
44%
E Emiratos Árabes Unidos U
39%
I Islas Marshall M
38%
I Islas Salomón S
38%
R República Centroafricana C
33%
C Ciudad del Vaticano V
32%
C Costa de Marfil I
27%
G Guinea Ecuatorial E
23%
T Timor Oriental E
23%
M Macedonia del Norte N
21%
S Suazilandia E
20%
No se encontraron pruebas coincidentes
Distribución de puntuación
Porcentaje de gente con cada puntuación
Porcentaje por número respondido
Historial de tus puntuaciones
No has intentado esta prueba desde el último reinicio